[Event "Kings Gambit show time"]
[Site "SchemingMind.com"]
[Date "2009.08.24"]
[Round "-"]
[White "air666"]
[Black "wewoolfs"]
[Result "0-1"]
[WhiteCountry "GER"]
[BlackCountry "USA"]
[WhiteElo "1435"]
[WhiteRD "69"]
[BlackElo "1528"]
[BlackRD "78"]
[GameID "216710"]

1. e4 e5 2. f4 d5 3. Nf3 exf4 4. exd5 Bd6 5. Bb5+ Bd7 6. Qe2+ Ne7 7. Bxd7+ Nxd7 8. Nc3 O-O 9. Ne4 Nxd5 10. Nxd6 cxd6
11. c4 Re8 12. cxd5 Rxe2+ 13. Kxe2 Qe7+ 14. Kf2 Nc5 15. Re1 Nd3+
0-1

[Event "Kings Gambit show time"]
[Site "SchemingMind.com"]
[Date "2009.08.20"]
[Round "-"]
[White "MOIMOI"]
[Black "wewoolfs"]
[Result "1-0"]
[WhiteCountry "POL"]
[BlackCountry "USA"]
[WhiteElo "1612"]
[WhiteRD "69"]
[BlackElo "1528"]
[BlackRD "78"]
[GameID "216804"]

1. e4 e5 2. f4 exf4 3. d4 Qh4+ 4. g3 fxg3 5. Bg2 gxh2+ 6. Ke2 d6 7. Nf3 Bg4 8. Kd3 Nc6 9. Bf4 O-O-O 10. Nxh4 Bxd1
11. Rxd1 Nf6 12. Bh3+ Kb8 13. Bxh2 g6 14. Rf1 Bg7 15. Nc3 Nb4+ 16. Kd2 Rhe8 17. a3 Nc6 18. d5 Ne5 19. Bxe5 Rxe5 20. Rae1 Nd7
21. Rxf7 Bh6+ 22. Kd1 Rh5 23. Bxd7 Rxh4 24. Rxh7 Rh2 25. Ne2 a6 26. Rf1 Rh5 27. c4 Ka7 28. Bg4 Rh4 29. Nc3 Rh2 30. Be2 Bf4
31. Rxh2 Bxh2 32. Rf7 g5 33. Rxc7 Kb6 34. Rg7 Bf4 35. b4 Rh8 36. Na4+ Ka7 37. c5 Rh1+ 38. Kc2 Rc1+ 39. Kd3 dxc5 40. bxc5 Ra1
41. c6 Rxa3+ 42. Kc2 Rxa4 43. Bd3 Ra5 44. Rxb7+ Ka8 45. Rd7 Rc5+ 46. Kb3 Rxc6 47. dxc6 a5 48. Ka4 Bd2 49. Ba6
1-0

[Event "Kings Gambit show time"]
[Site "SchemingMind.com"]
[Date "2009.08.25"]
[Round "-"]
[White "MOIMOI"]
[Black "air666"]
[Result "1-0"]
[WhiteCountry "POL"]
[BlackCountry "GER"]
[WhiteElo "1575"]
[WhiteRD "53"]
[BlackElo "1355"]
[BlackRD "72"]
[GameID "216805"]

1. e4 e5 2. f4 d5 3. Qf3 Nf6 4. exd5 Nxd5 5. Bc4 Be6 6. d3 c6 7. g3 Bd6 8. f5 Bd7 9. Qh5 h6 10. Nc3 Bb4
11. Qg4 Rg8 12. Bxd5 Bxc3+ 13. bxc3 cxd5 14. Bxh6 Bxf5 15. Qxf5 gxh6 16. Qxe5+ Qe7 17. Qxe7+ Kxe7 18. O-O-O Nc6 19. Nf3 Kd6 20. Nh4 Ne7
21. Rhf1 Rac8 22. Rxf7 Rxc3 23. Re1 Nc6 24. Rxb7 Rf8 25. g4 Rf2 26. Nf5+ Kc5 27. d4+ Nxd4 28. Nxd4 Kxd4 29. Rd1+ Ke3 30. Re7+ Kf3
31. Rf7+ Kg2 32. Rxf2+ Kxf2 33. h4 Rc4 34. g5 Rxh4 35. gxh6 Rxh6 36. Rxd5 Rh1+ 37. Kd2 Rh2 38. Rd7 a5 39. Ra7 Kf3+ 40. Kc3 Rh5
41. Kb3 Rb5+ 42. Kc4 Rb4+ 43. Kc5 Ra4 44. c4 Rxa2 45. Kb5 Ke4 46. c5
1-0

[Event "Kings Gambit show time"]
[Site "SchemingMind.com"]
[Date "2009.08.20"]
[Round "-"]
[White "wewoolfs"]
[Black "MOIMOI"]
[Result "0-1"]
[WhiteCountry "USA"]
[BlackCountry "POL"]
[WhiteElo "1536"]
[WhiteRD "79"]
[BlackElo "1538"]
[BlackRD "96"]
[GameID "216806"]

1. e4 e5 2. f4 exf4 3. Nf3 d5 4. d4 dxe4 5. Bc4 exf3 6. Qxf3 Qxd4 7. Qxf4 Qxf4 8. Bxf4 Bd6 9. O-O Bxf4 10. Rxf4 Nf6
11. Nc3 O-O 12. Rd1 Be6 13. Nd5 Bxd5 14. Bxd5 Nxd5 15. Rxd5 Na6 16. c3 Rad8 17. Rfd4 Rxd5 18. Rxd5 Re8 19. Kf2 h6 20. b4 Re4
21. Rd8+ Kh7 22. a4 c5 23. Rd7 cxb4 24. Rxb7 Nc5 25. Rxf7 bxc3 26. Rxa7 c2
0-1

[Event "Kings Gambit show time"]
[Site "SchemingMind.com"]
[Date "2009.08.25"]
[Round "-"]
[White "air666"]
[Black "MOIMOI"]
[Result "0-1"]
[WhiteCountry "GER"]
[BlackCountry "POL"]
[WhiteElo "1435"]
[WhiteRD "69"]
[BlackElo "1612"]
[BlackRD "69"]
[GameID "216807"]

1. e4 e5 2. f4 exf4 3. Bc4 Qh4+ 4. Kf1 Bc5 5. Nh3 d6 6. d4 Bb6 7. Nxf4 Bg4 8. Be2 Bxe2+ 9. Qxe2 Nc6 10. Qh5 Qf6
11. g3 g5 12. c3 gxf4 13. Bxf4 O-O-O 14. Ke2 h6 15. Nd2 Re8 16. Rhf1 Qg6 17. Qh3+ Kb8 18. Qf5 Qxf5 19. Be3 Qg4+
0-1

[Event "Kings Gambit show time"]
[Site "SchemingMind.com"]
[Date "2009.08.22"]
[Round "-"]
[White "jtrochez1"]
[Black "wewoolfs"]
[Result "1/2-1/2"]
[WhiteCountry "HON"]
[BlackCountry "USA"]
[WhiteElo "1610"]
[WhiteRD "50"]
[BlackElo "1561"]
[BlackRD "77"]
[GameID "216892"]

1. e4 e5 2. f4 exf4 3. Nf3 Bc5 4. d4 Qe7 5. Bd3 Bb6 6. c3 Nf6 7. Bxf4 d6 8. Nbd2 O-O 9. Bg5 Re8 10. O-O h6
11. Bh4 Nbd7 12. Kh1 c6 13. Re1 Qf8 14. h3 Nh7 15. Qc2 f5 16. exf5 Ndf6 17. Bxf6 Nxf6 18. Rxe8 Qxe8 19. Re1 Qh5 20. Nh2 Bd7
21. Ndf1 d5 22. Ng3 Qf7 23. Ng4 Bc7 24. Nxf6+ Qxf6 25. Qf2 Rf8 26. Rf1 Bxg3 27. Qxg3 b5 28. Qe5 Re8 29. Qxf6 gxf6 30. Rc1 Re3
31. Rd1 a5 32. b4 axb4 33. cxb4 Kf7 34. Kh2 h5 35. g4 hxg4 36. hxg4 Re8 37. Kg2 Ra8 38. Rd2 Ra4 39. Rb2 Ra3 40. Rd2 Ra8
41. Kf3 Rh8 42. Kg2 Re8 43. Re2 Ra8 44. Kg3 Rg8 45. Kf4 Rh8 46. Bc2 Rh4 47. Rg2 Kg7 48. Kg3 Rh8 49. Rh2 Re8 50. Kf2 Ra8=
1/2-1/2

[Event "Kings Gambit show time"]
[Site "SchemingMind.com"]
[Date "2009.08.26"]
[Round "-"]
[White "jtrochez1"]
[Black "air666"]
[Result "1-0"]
[WhiteCountry "HON"]
[BlackCountry "GER"]
[WhiteElo "1538"]
[WhiteRD "49"]
[BlackElo "1355"]
[BlackRD "72"]
[GameID "216893"]

1. e4 e5 2. f4 d5 3. exd5 e4 4. Nc3 Bf5 5. d3 exd3 6. Bxd3 Bxd3 7. Qxd3 c6 8. Nf3 Nf6 9. dxc6 Qxd3 10. cxd3 Nxc6
11. a3 Bc5 12. Bd2 O-O 13. O-O-O Ng4 14. Ne4 f5 15. Nxc5 Nf2 16. Nd7 Rfd8 17. Nfe5 Rac8 18. Kb1 Nxh1 19. Rxh1 Nxe5 20. Nxe5 Rd4
21. g3 Rd5 22. Bc3 a5 23. Rd1 Ra8 24. d4 b5 25. Nc6 Rd7 26. Nxa5 Re7 27. Nc6 Re2 28. Rh1 Rae8 29. Ne5 Rb8 30. Nc6 Rb6
31. d5 Ra6 32. Bb4 Re3 33. Kc2 Ra8 34. Nd4 Rc8+ 35. Nc6 Rce8 36. Ne5 Rc8+ 37. Kd2 Rb3 38. Rb1 Rd8 39. d6 h6 40. d7 g5
41. Be7 Ra8 42. d8=Q+ Rxd8+ 43. Bxd8
1-0

[Event "Kings Gambit show time"]
[Site "SchemingMind.com"]
[Date "2009.08.22"]
[Round "-"]
[White "jtrochez1"]
[Black "MOIMOI"]
[Result "1/2-1/2"]
[WhiteCountry "HON"]
[BlackCountry "POL"]
[WhiteElo "1610"]
[WhiteRD "50"]
[BlackElo "1604"]
[BlackRD "57"]
[GameID "216894"]

1. e4 e5 2. f4 exf4 3. Nf3 d6 4. h3 g5 5. Be2 Nf6 6. Nc3 a6 7. Nxg5 Bh6 8. Nf3 Rg8 9. Bf1 Nc6 10. Ne2 Nxe4
11. d3 Ng3 12. Nxg3 fxg3 13. Bxh6 Qf6 14. Qc1 Ne5 15. Nxe5 Qf2+ 16. Kd1 dxe5 17. Be3 Qf6 18. Be2 Be6 19. Rf1 Qh4 20. Rh1 O-O-O
21. b3 e4 22. Qd2 Qf6 23. Rb1 Qg6 24. Qc1 exd3 25. cxd3 Rd6 26. Rb2 Rgd8 27. Bf4 Rc6 28. Qb1 Bf5 29. Rd2 Rc3 30. Rf1 Bxd3
31. Bxd3 Rdxd3 32. Qb2 Qe4 33. Rxd3 Rxd3+ 34. Bd2 Qxg2 35. Re1 Qf3+ 36. Kc1 Kd7 37. Qe5 Qc6+ 38. Kd1 Qf3+ 39. Kc1 Qc6+=
1/2-1/2

[Event "Kings Gambit show time"]
[Site "SchemingMind.com"]
[Date "2009.08.24"]
[Round "-"]
[White "wewoolfs"]
[Black "jtrochez1"]
[Result "1-0"]
[WhiteCountry "USA"]
[BlackCountry "HON"]
[WhiteElo "1561"]
[WhiteRD "77"]
[BlackElo "1610"]
[BlackRD "50"]
[GameID "216895"]

1. e4 e5 2. f4 d6 3. Bc4 Nf6 4. d3 Nc6 5. Nf3 h6 6. O-O Bg4 7. f5 Nd4 8. Nbd2 Qe7 9. h3 Bxf3 10. Nxf3 Nxf3+
11. Qxf3 O-O-O 12. Be3 Kb8 13. a4 Ne8 14. b4 g5 15. b5 Bg7 16. a5 h5 17. Bd5 g4 18. Qg3 h4 19. Qxg4 f6 20. b6 cxb6
21. axb6 a6 22. c4 Bh6 23. Qe2 Bxe3+ 24. Qxe3 Ng7 25. Ra2 Nh5 26. Rfa1 Nf4 27. Rxa6 bxa6 28. Rxa6 Nxd5 29. exd5 Rd7 30. Qd2 e4
31. Qa5 Ra7 32. bxa7+ Ka8 33. Qb5 Rc8 34. Qb3 Qc7 35. Rc6 Qd7 36. Rxc8+ Qxc8 37. dxe4 Qc5+ 38. Kh2 Qxa7 39. Qb2 Qe7 40. Qb1 Qc7
41. Qb5 Qb7 42. Qe8+ Qb8 43. Qh5 Qb4 44. Qh8+ Ka7 45. Qxf6 Qxc4 46. Qxh4 Qd4 47. Qe7+ Ka8 48. h4
1-0

[Event "Kings Gambit show time"]
[Site "SchemingMind.com"]
[Date "2009.08.24"]
[Round "-"]
[White "MOIMOI"]
[Black "jtrochez1"]
[Result "1-0"]
[WhiteCountry "POL"]
[BlackCountry "HON"]
[WhiteElo "1575"]
[WhiteRD "53"]
[BlackElo "1538"]
[BlackRD "49"]
[GameID "216897"]

1. e4 e5 2. f4 d6 3. fxe5 dxe5 4. Bb5+ c6 5. Bc4 Nf6 6. d3 Bc5 7. h3 Qd4 8. Qe2 h6 9. Nf3 Qd6 10. Nh4 Be6
11. Bxe6 Qxe6 12. Nf5 Bf8 13. a3 Nbd7 14. Be3 g6 15. Ng3 Bc5 16. Bxc5 Nxc5 17. Nd2 h5 18. Rf1 h4 19. Nh1 Ncd7 20. Nc4 b6
21. O-O-O O-O-O 22. d4 Kb7 23. dxe5 Nxe5 24. Nxe5 Qxe5 25. Qf3 Qe7 26. Rxd8 Rxd8 27. Qxf6 Qxf6 28. Rxf6 Rd7 29. Nf2 Kc7 30. Nd3 Re7
31. e5 Kd7 32. Kd2 c5 33. Ke3 c4 34. e6+ Rxe6+ 35. Rxe6 Kxe6 36. Nf4+ Ke5 37. Ne2 f5 38. Kd2 g5 39. Ke3 f4+ 40. Kf3 b5
41. Kg4 Kf6 42. Nd4 a6 43. Ne2 a5 44. c3 Kg6 45. Nd4 b4 46. cxb4 axb4 47. axb4 Kf6 48. b5 Ke5 49. b6
1-0

[Event "Kings Gambit show time"]
[Site "SchemingMind.com"]
[Date "2009.08.22"]
[Round "-"]
[White "Edojidai"]
[Black "jtrochez1"]
[Result "0-1"]
[WhiteCountry "JPN"]
[BlackCountry "HON"]
[WhiteElo "1530"]
[WhiteRD "94"]
[BlackElo "1610"]
[BlackRD "50"]
[GameID "216939"]

1. e4 e5 2. f4 d6 3. fxe5 dxe5 4. Nf3 Bd6 5. Bc4 h6 6. d4 Qf6 7. Be3 Bg4 8. h3 Bxf3 9. gxf3 Nd7 10. Nc3 Bb4
11. Qd3 Qxf3 12. Rf1 Qg3+ 13. Rf2 Ngf6 14. O-O-O Bxc3 15. Qxc3 O-O-O 16. Qd3 Nc5 17. Qe2 Ncxe4 18. Rg2 Qxh3 19. Rxg7 Ng3 20. Qd3 e4
21. Qb3 Nf5 22. Rxf7 Qxe3+ 23. Rd2 Qg5 24. Be6+ Kb8 25. Qc4 Ne8 26. Rxf5 Qg3 27. b4 Nd6 28. Qe2 Qa3+ 29. Kd1 Nxf5 30. Bxf5 Qxa2
31. Qxe4 Qb1+ 32. Ke2 Qxb4 33. Bg4 h5 34. Bf3 Rde8
0-1

[Event "Kings Gambit show time"]
[Site "SchemingMind.com"]
[Date "2009.08.21"]
[Round "-"]
[White "Edojidai"]
[Black "wewoolfs"]
[Result "0-1"]
[WhiteCountry "JPN"]
[BlackCountry "USA"]
[WhiteElo "1480"]
[WhiteRD "110"]
[BlackElo "1528"]
[BlackRD "78"]
[GameID "216940"]

1. e4 e5 2. f4 d5 3. exd5 exf4 4. Nf3 Qxd5 5. Nc3 Qe6+ 6. Qe2 Bd6 7. d4 Nf6 8. d5 Qxe2+ 9. Bxe2 O-O 10. O-O Re8
11. Bc4 Nbd7 12. Nb5 Bc5+ 13. Kh1 Bb6 14. Bxf4 a6 15. Nxc7 Bxc7 16. Bxc7 b5 17. Bb3 Bb7 18. Rad1 Rac8 19. d6 h6 20. Ba5 Nc5
21. Bb4 Bxf3 22. Rxf3 Ncd7 23. Rd2 Re1+
0-1

[Event "Kings Gambit show time"]
[Site "SchemingMind.com"]
[Date "2009.08.26"]
[Round "-"]
[White "Edojidai"]
[Black "air666"]
[Result "1-0"]
[WhiteCountry "JPN"]
[BlackCountry "GER"]
[WhiteElo "1530"]
[WhiteRD "94"]
[BlackElo "1379"]
[BlackRD "69"]
[GameID "216941"]

1. e4 e5 2. f4 d6 3. Nf3 Nf6 4. Nc3 Bg4 5. h3 Bh5 6. g4 Nxg4 7. hxg4 Bxg4 8. d3 Nc6 9. f5 Nd4 10. Bg2 Qd7
11. Be3 Nxf3+ 12. Bxf3 Bxf3 13. Qxf3 O-O-O 14. Bxa7 c6 15. O-O-O Qc7 16. Na4 Kd7 17. Nb6+ Ke8 18. Nc4 b5 19. Bb6 Qb8 20. Bxd8 Kxd8
21. Ne3 d5 22. exd5 cxd5 23. Qxd5+ Bd6 24. Qxf7 g6 25. fxg6 Qa8 26. g7
1-0

[Event "Kings Gambit show time"]
[Site "SchemingMind.com"]
[Date "2009.08.21"]
[Round "-"]
[White "Edojidai"]
[Black "MOIMOI"]
[Result "0-1"]
[WhiteCountry "JPN"]
[BlackCountry "POL"]
[WhiteElo "1530"]
[WhiteRD "94"]
[BlackElo "1604"]
[BlackRD "57"]
[GameID "216942"]

1. e4 e5 2. f4 exf4 3. Nf3 d5 4. exd5 Qxd5 5. Nc3 Qe6+ 6. Qe2 Qxe2+ 7. Bxe2 c6 8. d4 Bg4 9. Bxf4 f6 10. O-O-O Be6
11. d5 cxd5 12. Nxd5 Bxd5 13. Rxd5 Ne7 14. Bb5+ Nbc6 15. Re1 g5 16. Nxg5 fxg5 17. Bxg5 Rd8 18. c4 Kf7 19. Rf1+ Ke8 20. Re1 Rg8
21. h4 h6 22. Bf4 Kf7 23. Rxd8 Nxd8 24. Re2 Ne6 25. Rf2 Nxf4 26. Rxf4+ Ke6 27. Kd2 Rxg2+ 28. Ke3 Rxb2 29. Rxf8 Nf5+ 30. Kf4 Rxa2
31. Rb8 a6 32. Re8+ Ne7
0-1

[Event "Kings Gambit show time"]
[Site "SchemingMind.com"]
[Date "2009.08.22"]
[Round "-"]
[White "jtrochez1"]
[Black "Edojidai"]
[Result "1-0"]
[WhiteCountry "HON"]
[BlackCountry "JPN"]
[WhiteElo "1629"]
[WhiteRD "54"]
[BlackElo "1480"]
[BlackRD "110"]
[GameID "216943"]

1. e4 e5 2. f4 exf4 3. Nf3 g5 4. g4 h6 5. d4 Nf6 6. e5 Nxg4 7. h3 Ne3 8. Bxe3 fxe3 9. Nc3 Bb4 10. Qd3 d6
11. Qxe3 Be6 12. a3 Ba5 13. O-O-O a6 14. Bd3 f5 15. exf6 Qxf6 16. Nd5 Qf7 17. Rhf1 Qf4 18. Nxf4
1-0

[Event "Kings Gambit show time"]
[Site "SchemingMind.com"]
[Date "2009.08.21"]
[Round "-"]
[White "wewoolfs"]
[Black "Edojidai"]
[Result "0-1"]
[WhiteCountry "USA"]
[BlackCountry "JPN"]
[WhiteElo "1561"]
[WhiteRD "77"]
[BlackElo "1530"]
[BlackRD "94"]
[GameID "216944"]

1. e4 e5 2. f4 exf4 3. Nf3 d6 4. Bc4 h6 5. d4 g5 6. Nc3 Nc6 7. e5 dxe5 8. dxe5 Qxd1+ 9. Nxd1 Bb4+ 10. c3 Bc5
11. b4 Bb6 12. Bd2 Bg4 13. Nb2 Bxf3 14. gxf3 Nxe5 15. Bd5 c6 16. Be4 Nf6 17. O-O-O O-O-O 18. Bf5+ Kb8 19. Rhf1 Nd5 20. Nd3 Nxd3+
21. Bxd3 Be3 22. Kc2 Bxd2 23. Rxd2 Ne3+ 24. Kc1 Nxf1 25. Bxf1 Rxd2 26. Kxd2 Rd8+ 27. Kc2 b5 28. Bd3 Rd5 29. c4 bxc4 30. Bxc4 Re5
31. Bxf7 Kb7 32. Bc4 Kb6 33. a4 a5 34. b5 cxb5 35. Bxb5 Rxb5 36. axb5 Kxb5 37. Kb3 g4
0-1

[Event "Kings Gambit show time"]
[Site "SchemingMind.com"]
[Date "2009.08.26"]
[Round "-"]
[White "air666"]
[Black "Edojidai"]
[Result "0-1"]
[WhiteCountry "GER"]
[BlackCountry "JPN"]
[WhiteElo "1379"]
[WhiteRD "69"]
[BlackElo "1530"]
[BlackRD "94"]
[GameID "216945"]

1. e4 e5 2. f4 exf4 3. Nf3 g5 4. Bc4 g4 5. Ne5 Qh4+ 6. Kf1 d5 7. Bxd5 f6 8. Nf7 f3 9. gxf3 g3 10. Nxh8 Qh3+
11. Ke2 Qg2+ 12. Ke3 Bc5+ 13. d4 Qf2+ 14. Kd3 Qxd4+ 15. Ke2 Qf2+ 16. Kd3 Qd4+
0-1

[Event "Kings Gambit show time"]
[Site "SchemingMind.com"]
[Date "2009.08.22"]
[Round "-"]
[White "bartleby en passant"]
[Black "jtrochez1"]
[Result "1/2-1/2"]
[WhiteCountry "IRL"]
[BlackCountry "HON"]
[WhiteElo "1667"]
[WhiteRD "71"]
[BlackElo "1538"]
[BlackRD "49"]
[GameID "216992"]

1. e4 e5 2. f4 d6 3. Nf3 Bg4 4. d3 Nc6 5. h3 Bxf3 6. Qxf3 Nd4 7. Qf2 Qf6 8. f5 Qe7 9. Be3 Nc6 10. Nc3 Nf6
11. O-O-O a6 12. g4 O-O-O 13. Bg2 h6 14. Nd5 Qd7 15. a3 Be7 16. Bb6 Nxd5 17. exd5 Nb8 18. Ba7 f6 19. Bxb8 Kxb8 20. d4 Qa4
21. dxe5 fxe5 22. Rhe1 Bf6 23. Be4 Ka8 24. Rd3 Qe8 25. b4 Qe7 26. Red1 Bg5+ 27. Kb1 Bf4 28. c4 Rb8 29. a4 Rbd8 30. a5 h5
31. gxh5 Rxh5 32. b5 Rb8 33. bxa6 bxa6+ 34. Ka2 Qd7 35. Qc2 Rh4 36. Rc3 Bg5 37. Re1 Bf6 38. Ree3 Rhh8 39. Ka3 Ka7 40. Rb3 Rxb3+
41. Rxb3 Rb8 42. Rxb8 Kxb8 43. c5 dxc5 44. Qc4 Qd6 45. Bd3 Ka7 46. h4 Be7 47. h5 Bf6 48. Be4 Bg5=
1/2-1/2

[Event "Kings Gambit show time"]
[Site "SchemingMind.com"]
[Date "2009.08.26"]
[Round "-"]
[White "bartleby en passant"]
[Black "wewoolfs"]
[Result "0-1"]
[WhiteCountry "IRL"]
[BlackCountry "USA"]
[WhiteElo "1661"]
[WhiteRD "73"]
[BlackElo "1561"]
[BlackRD "77"]
[GameID "216993"]

1. e4 e5 2. f4 d5 3. exd5 e4 4. Nc3 f5 5. d3 Nf6 6. dxe4 fxe4 7. Be2 Bc5 8. Qd2 O-O 9. Bc4 Kh8 10. h3 c6
11. dxc6 Nxc6 12. Qxd8 Rxd8 13. a3 e3 14. Nge2 Bf5 15. Bb3 Rd7 16. O-O Rad8 17. Ba4 Ne4 18. Nxe4 Bxe4 19. Bxc6 bxc6 20. c3 Rd1
21. Rxd1 Rxd1+ 22. Kh2 Bd3 23. Ng3 e2 24. Nxe2 Bxe2 25. b4 Be7 26. Bb2 Rd2 27. Bc1 Rc2 28. Be3 Bf3 29. Kg3 Bxg2 30. Bxa7 Bf6
31. Re1 h6 32. c4 Bb2 33. a4 Bc3 34. Re8+ Kh7 35. b5 cxb5 36. axb5 Bf1 37. b6 Bd4 38. Rd8 Rxc4
0-1

[Event "Kings Gambit show time"]
[Site "SchemingMind.com"]
[Date "2009.08.22"]
[Round "-"]
[White "bartleby en passant"]
[Black "Edojidai"]
[Result "0-1"]
[WhiteCountry "IRL"]
[BlackCountry "JPN"]
[WhiteElo "1667"]
[WhiteRD "71"]
[BlackElo "1584"]
[BlackRD "92"]
[GameID "216994"]

1. e4 e5 2. f4 d5 3. exd5 exf4 4. Nf3 Bd6 5. Bc4 Nf6 6. d3 Bf5 7. Qe2+ Qe7 8. Qxe7+ Bxe7 9. Bxf4 Bd6 10. Bxd6 cxd6
11. Nc3 O-O 12. O-O-O Nbd7 13. Nb5 Ne8 14. Rhe1 a6 15. Nbd4 Bg6 16. Re7 Nc5 17. b4 Na4 18. Rxb7 a5 19. bxa5 Rxa5 20. Bb5 Nc3
21. Bxe8 Nxd1 22. Bxf7+ Bxf7 23. Kxd1 Bxd5 24. Rb6 Bxf3+ 25. Nxf3 d5 26. Rb2 Rfa8 27. Ne5 Rxa2 28. Rb5 R2a5 29. Rxa5 Rxa5 30. Kd2 Ra1
31. h4 Rh1 32. g3 Rh2+ 33. Kd1 g6 34. c4 dxc4 35. dxc4 Kg7 36. c5 Ra2 37. Kc1 Re2 38. Nd3 Re3 39. Kd2 Rxg3 40. c6 Rf3
41. c7 Rf8 42. Nc5 Rc8 43. Na6 Kh6 44. Ke3 Kh5 45. Kf4 Kxh4
0-1

[Event "Kings Gambit show time"]
[Site "SchemingMind.com"]
[Date "2009.08.26"]
[Round "-"]
[White "bartleby en passant"]
[Black "air666"]
[Result "1-0"]
[WhiteCountry "IRL"]
[BlackCountry "GER"]
[WhiteElo "1661"]
[WhiteRD "73"]
[BlackElo "1379"]
[BlackRD "69"]
[GameID "216995"]

1. e4 e5 2. f4 d6 3. Nf3 d5 4. Qe2 Bg4 5. fxe5 dxe4 6. Qxe4 Bxf3 7. Qxf3 Nc6 8. Bb5 Qd7 9. Bxc6 Qxc6 10. Qxc6+ bxc6
11. d4 c5 12. c3 cxd4 13. cxd4 Bb4+ 14. Bd2 Bxd2+ 15. Nxd2 Rb8 16. O-O-O Rd8 17. Nb3 f6 18. e6 Ke7 19. Rhe1 Rd5 20. Nc5 Nh6
21. Kc2
1-0

[Event "Kings Gambit show time"]
[Site "SchemingMind.com"]
[Date "2009.08.23"]
[Round "-"]
[White "bartleby en passant"]
[Black "MOIMOI"]
[Result "1/2-1/2"]
[WhiteCountry "IRL"]
[BlackCountry "POL"]
[WhiteElo "1661"]
[WhiteRD "73"]
[BlackElo "1604"]
[BlackRD "57"]
[GameID "216996"]

1. e4 e5 2. f4 exf4 3. Nf3 d6 4. d4 Bg4 5. Bxf4 Nc6 6. Bb5 a6 7. Bxc6+ bxc6 8. O-O Rb8 9. b3 h6 10. Nbd2 Nf6
11. c4 Be7 12. e5 Nh5 13. Be3 Bg5 14. Qe1 Bxe3+ 15. Qxe3 Qe7 16. h3 Bxf3 17. Nxf3 O-O 18. g4 Ng3 19. Rf2 f5 20. gxf5 Rxf5
21. Rg2 Nh5 22. Qxh6 Rxf3 23. Qxh5 Rbf8 24. Re1 dxe5 25. Rxe5 Qf6 26. Reg5 Rf1+ 27. Kh2 Qf4+ 28. R5g3 Rf2 29. Qg4 Rxg2+ 30. Kxg2 Qf1+
31. Kh2 Rf2+ 32. Rg2 Rxg2+ 33. Qxg2 Qf4+=
1/2-1/2

[Event "Kings Gambit show time"]
[Site "SchemingMind.com"]
[Date "2009.08.22"]
[Round "-"]
[White "jtrochez1"]
[Black "bartleby en passant"]
[Result "0-1"]
[WhiteCountry "HON"]
[BlackCountry "IRL"]
[WhiteElo "1538"]
[WhiteRD "49"]
[BlackElo "1667"]
[BlackRD "71"]
[GameID "216997"]

1. e4 e5 2. f4 exf4 3. Nf3 g5 4. g4 fxg3 5. hxg3 d6 6. d4 g4 7. Nh2 h5 8. Nc3 Nc6 9. Bb5 Bd7 10. d5 Ne5
11. Bxd7+ Qxd7 12. Be3 Rh6 13. Bxh6 Nxh6 14. Qe2 O-O-O 15. O-O-O f5 16. Qb5 fxe4 17. Qxd7+ Rxd7 18. Rhf1 Bg7 19. Nxe4 Nc4 20. c3 Ne3
21. Nf6 Nxf1 22. Rxf1 Bxf6 23. Rxf6 Rh7 24. c4 Nf7 25. Kd2 b6 26. a4 a5 27. Ke3 Ne5 28. b3 Kd7 29. Rf5 h4 30. gxh4 Rxh4
31. Nf1 Rh3+ 32. Kf4 Rf3+ 33. Kg5 Rxb3 34. Nd2 Ra3 35. Ne4 Rxa4 36. Nf6+ Kc8 37. Nxg4 Nxg4 38. Kxg4 Rxc4+ 39. Kg5 a4 40. Kf6 a3
41. Rf2 Ra4 42. Ra2 b5 43. Ke7 b4 44. Rg2 a2
0-1

[Event "Kings Gambit show time"]
[Site "SchemingMind.com"]
[Date "2009.08.22"]
[Round "-"]
[White "wewoolfs"]
[Black "bartleby en passant"]
[Result "0-1"]
[WhiteCountry "USA"]
[BlackCountry "IRL"]
[WhiteElo "1528"]
[WhiteRD "78"]
[BlackElo "1681"]
[BlackRD "74"]
[GameID "216998"]

1. e4 e5 2. f4 exf4 3. Nf3 g5 4. h4 g4 5. Ne5 g3 6. Bc4 Nh6 7. d4 d6 8. Nf3 Qf6 9. Nc3 c6 10. Qe2 Bg7
11. e5 dxe5 12. Ne4 Qe7 13. d5 cxd5 14. Bb5+ Bd7 15. Neg5 f6 16. Nh3 Nc6 17. Bd2 a6 18. Ba4 Nf5 19. O-O-O Qe6 20. Bxc6 Bxc6
21. Bc3 O-O 22. Nxf4 Qf7 23. Nd3 e4 24. Ng5 fxg5 25. Bxg7 exd3 26. Qxd3 Qxg7 27. hxg5 Qxg5+ 28. Kb1 Rae8 29. Rdf1 Re3 30. Qd2 Rfe8
31. a3 Re1+ 32. Qxe1 Rxe1+ 33. Rxe1 Ne3
0-1

[Event "Kings Gambit show time"]
[Site "SchemingMind.com"]
[Date "2009.08.21"]
[Round "-"]
[White "Edojidai"]
[Black "bartleby en passant"]
[Result "0-1"]
[WhiteCountry "JPN"]
[BlackCountry "IRL"]
[WhiteElo "1480"]
[WhiteRD "110"]
[BlackElo "1681"]
[BlackRD "74"]
[GameID "216999"]

1. e4 e5 2. f4 exf4 3. Nf3 g5 4. Bc4 d6 5. h4 Bg4 6. Nc3 gxh4 7. d4 Bg7 8. Qd3 Bxf3 9. gxf3 Nd7 10. Bxf4 Qf6
11. Qe3 Qxd4 12. Rxh4 Qxc4 13. b3 Qxc3+ 14. Qxc3 Bxc3+
0-1

[Event "Kings Gambit show time"]
[Site "SchemingMind.com"]
[Date "2009.08.26"]
[Round "-"]
[White "air666"]
[Black "bartleby en passant"]
[Result "0-1"]
[WhiteCountry "GER"]
[BlackCountry "IRL"]
[WhiteElo "1379"]
[WhiteRD "69"]
[BlackElo "1661"]
[BlackRD "73"]
[GameID "217000"]

1. e4 e5 2. f4 exf4 3. Nf3 g5 4. Bc4 d6 5. d3 Bh6 6. Nc3 g4 7. Nd4 Qh4+ 8. Kf1 g3 9. Nf3 Qh5 10. Nd4 Bg4
11. Qe1 gxh2 12. Nde2 f3 13. Ng3 fxg2+ 14. Kxg2 Qh3+ 15. Kf2 Bg7 16. Nce2 Bxe2 17. Kxe2 Qg4+ 18. Kf2 Be5 19. Qe3 c5 20. Rxh2 Bd4
21. Qxd4 cxd4 22. Bb5+ Nc6 23. b4 Ne7 24. Rh5 Rg8 25. Rxh7 Qxg3+
0-1

[Event "Kings Gambit show time"]
[Site "SchemingMind.com"]
[Date "2009.08.22"]
[Round "-"]
[White "MOIMOI"]
[Black "bartleby en passant"]
[Result "1-0"]
[WhiteCountry "POL"]
[BlackCountry "IRL"]
[WhiteElo "1612"]
[WhiteRD "69"]
[BlackElo "1681"]
[BlackRD "74"]
[GameID "217001"]

1. e4 e5 2. f4 exf4 3. Nf3 g5 4. h3 d6 5. Bb5+ c6 6. Bc4 Be6 7. Bxe6 fxe6 8. Nd4 Nf6 9. Nxe6 Qe7 10. Nxg5 Nxe4
11. Qh5+ Kd7 12. Qg4+ Kc7 13. Ne6+ Kb6 14. O-O Bh6 15. Nxf4 Nd7 16. d3 Nef6 17. Qh4 Bxf4 18. Bxf4 Raf8 19. Nc3 Ne5 20. Rae1 Nd5
21. Be3+
1-0